150 verbs in Welsh - Statistics

General Stats
  • This quiz has been taken 151 times
  • The average score is 47 of 150
Answer Stats
Hint Answer % Correct
help helpu
80%
eat bwyta
76%
walk cerdded
73%
work gweithio
73%
go mynd
73%
sing canu
71%
write ysgrifennu
68%
play chwarae
65%
open agor
64%
read darllen
64%
buy prynu
64%
run rhedeg
64%
speak siarad
64%
phone ffonio
62%
wear gwisgo
59%
live byw
58%
know (fact) gwybod
58%
enjoy mwynhau
58%
think meddwl
56%
understand deall
55%
watch gwylio
55%
drive gyrru
55%
die marw
55%
lose colli
53%
swim nofio
53%
listen gwrando
52%
pay talu
52%
build adeiladu
50%
remember cofio
50%
wait aros
48%
start, begin dechrau
48%
change newid
48%
travel teithio
48%
sit eistedd
47%
feel teimlo
47%
forget anghofio
45%
call galw
45%
show dangos
44%
clean glanhau
44%
finish gorffen
44%
smile gwenu
44%
move symud
44%
laugh chwerthin
42%
believe credu
42%
hope gobeithio
42%
tidy tacluso
42%
keep cadw
41%
make, do gwneud
41%
give, put rhoi
41%
stand sefyll
41%
relax ymlacio
41%
close cau
39%
choose dewis
39%
win ennill
38%
be born geni
38%
wash golchi
38%
know (person/place) nabod
38%
happen digwydd
36%
leave gadael
36%
sail hwylio
36%
take cymryd
35%
sell gwerthu
35%
fill llenwi
35%
weigh pwyso
35%
turn troi
35%
use defnyddio
33%
break torri
33%
climb dringo
32%
fly hedfan
32%
ask gofyn
30%
throw taflu
30%
catch, persevere dal
29%
jump neidio
29%
worry poeni
29%
boil berwi
27%
excuse esgusodi
27%
kill lladd
27%
try ceisio
26%
hide cuddio
26%
afford fforddio
26%
grow tyfu
26%
send anfon
24%
lead arwain
24%
escape dianc
24%
bring dod a
24%
continue, last para
24%
chat sgwrsio
24%
pull tynnu
24%
compare cymharu
23%
accept, receive derbyn
23%
find ffeindio
23%
raise, bring up magu
23%
present, introduce cyflwyno
21%
celebrate dathlu
21%
improve gwella
21%
burn llosgi
21%
revise adolygu
20%
hurt brifo
20%
count cyfri
20%
describe disgrifio
20%
lie down gorwedd
20%
shout gweiddi
20%
prepare paratoi
20%
shoot saethu
20%
discuss trafod
20%
seek chwilio
18%
injure anafu
17%
starve llwgu
17%
hit bwrw
15%
meet cyfarfod
15%
steal dwyn
15%
imagine dychmygu
15%
drop gollwng
15%
whisper sibrwd
15%
taste blasu
14%
push gwthio
14%
fetch nol
14%
bite cnoi
12%
complain cwyno
12%
include cynnwys
12%
reach cyrraedd
12%
expect disgwyl
12%
spend (time) treulio
12%
remind atgoffa
11%
look (at) edrych (ar)
11%
promise addo
9%
shine disgleirio
9%
rest gorffwys
9%
fail methu
9%
stop peidio
9%
ride reidio
9%
disappear diflannu
8%
explain egluro
8%
get angry gwylltio
8%
sunbathe torheulo
8%
arrange trefnu
8%
wander crwydro
6%
evaluate gwerthuso
6%
deceive, cheat twyllo
6%
suffer diodde
5%
smell drewi
5%
postpone gohirio
5%
invite gwahodd
5%
cough pesychu
5%
talk, mention son (am)
5%
touch cyffwrdd a
3%
fall syrthio
3%
apologise ymddiheuro
3%
cope ymdopi
2%
present, introduce cyfieithu
0%
No matching quizzes found
Score Distribution
Percent of People with Each Score
Percentile by Number Answered
Your Score History
You have not taken this quiz